000 00829nam0a22002531 4500
001 rc\112231
005 20250620184719.0
010 _a5-09-004847-9
_9110000
035 _a(NLR Aleph) 005372251
090 _a7012571
_c7012571
100 _a20021216d1993 |||y0rusy50 ca
101 0 _arus
102 _aRU
105 _aa |||||||||
200 1 _aНайди ответ
_eШутки, игры, загадки на англ. яз.
_eДля учащихся 1-4-х кл. сред. шк.
210 _aМ.
_cПросвещение
_d1993
215 _a46, [2] с.
_cил.
_d21
300 _aОбл.: англ.: Find the answer / V. Sternina
700 1 _aСтернина
_bВ.А.
_gВера Александровна
801 0 _aRU
_bNLR
_gpsbo
801 1 _aRU
_bELAR
_2rusmarc
852 _aNLR
_j94-6/321
942 _cBOOK
980 _aNB